00333nam a2200121Ia 4500008004100000082002100041100002100062245002600083250000800109260004300117300001000160650004100170150201s2007 xx 000 0 und d a617.6342bR2007W aWALMELEY A,DAMIE aRESTORATIVE DENTISTRY a2ND bCHURCHILL LIVINGSTONEaEDINBURGHc2007 a1-229 aCONSERVATIVE DENTISTRY & ENDODONTICS